LEADER 01067nam--2200385---450- 001 990001527470203316 005 20050919102458.0 035 $a000152747 035 $aUSA01000152747 035 $a(ALEPH)000152747USA01 035 $a000152747 100 $a20040323d1950----km-y0itay0103----ba 101 0 $afre 102 $aCH 105 $a||||||||001yy 200 1 $aMélite$fPierre Corneille$gpar M. Roques et M. Lièvre 210 $aGenève$cDroz$d1950 215 $aXLIII, 148 p.$d20 cm 410 0$12001 454 1$12001 461 1$1001-------$12001 700 1$aCORNEILLE,$bPierre$0131516 702 1$aROQUES,$bM. 702 1$aLIEVRES,$bM. 801 0$aIT$bsalbc$gISBD 912 $a990001527470203316 951 $aVI.4. Coll.20/ 25(II F G 25)$b32362 L.M.$cII F 959 $aBK 969 $aUMA 979 $aSIAV3$b10$c20040323$lUSA01$h1639 979 $aSIAV3$b10$c20040323$lUSA01$h1641 979 $aPATRY$b90$c20040406$lUSA01$h1746 979 $aCOPAT5$b90$c20050919$lUSA01$h1024 996 $aMelite$9212732 997 $aUNISA LEADER 03598oam 2200613 c 450 001 996308810403316 005 20231110232757.0 010 $a3-8394-0457-6 024 7 $a10.14361/9783839404577 035 $a(CKB)3710000000482658 035 $a(OAPEN)1007587 035 $a(DE-B1597)461338 035 $a(OCoLC)1013955589 035 $a(OCoLC)958034808 035 $a(DE-B1597)9783839404577 035 $a(MiAaPQ)EBC5494193 035 $a(Au-PeEL)EBL5494193 035 $a(OCoLC)1049913272 035 $a(transcript Verlag)9783839404577 035 $a(oapen)https://directory.doabooks.org/handle/20.500.12854/29576 035 $a(EXLCZ)993710000000482658 100 $a20220221d2015 uy 0 101 0 $ager 135 $auuuuu---auuuu 181 $ctxt$2rdacontent 182 $cc$2rdamedia 183 $acr$2rdacarrier 200 10$aGlobal Governance$fHelmut Willke 205 $a1st ed. 210 $aBielefeld$ctranscript Verlag$d2015 215 $a1 online resource (152) 225 0 $aEinsichten. Themen der Soziologie 311 $a3-89942-457-3 327 $aFrontmatter 1 Inhalt 3 Abku?rzungen 4 I. Einfu?hrung 5 II. Theorien globaler Steuerung 8 III. Modelle der Systemsteuerung 42 IV. Die Wissensdimension globaler Governanz 74 V. Instrumente wissensbasierter politischer Steuerung 100 VI. Ausblick: Steuerung in der globalen Wissensgesellschaft 130 Literatur 139 Backmatter 151 330 $aDie Sozialwissenschaften reden ganz selbstversta?ndlich von Global Governance, obwohl es (noch) keinen Weltstaat und auch keine Weltregierung gibt. Dennoch hat sich eine Weltgesellschaft in nuce herausgebildet, die eigene, globale Formen der Regierung und der Selbststeuerung anstelle staatszentrierter politischer Steuerung hervorbringt. Dies geschieht wesentlich mittels Organisationen, Institutionen und Regelsystemen neuen Typs (etwa WTO, BIZ, UN), in die verschiedene Mechanismen der gesellschaftlichen Steuerung (Markt, Recht, Solidarita?t, Wissen) eingebettet sind. Der Band fu?hrt in die verschiedenen Debatten um Global Governance ein, diskutiert Grenzen und Mo?glichkeiten einzelner Formen gesellschaftlicher Steuerung in der Weltgesellschaft und zeichnet exemplarisch die Entstehung neuer Regimes globaler Steuerung nach. Dabei wird gezeigt, dass die entscheidende Herausforderung in der Steuerung der globalen Wissensgesellschaft liegt. 410 0$aEinsichten. Themen der Soziologie 606 $aGlobal Governance; Politische Steuerung; Gesellschaft; Globalisierung; Politik; Internationale Politik; Politische Soziologie; Politikwissenschaft; Soziologie; Einfu?hrung; Society; Globalization; Politics; International Relations; Political Sociology; Political Science; Sociology; Introduction; 610 $aGlobalization. 610 $aInternational Relations. 610 $aIntroduction. 610 $aPolitical Science. 610 $aPolitical Sociology. 610 $aPolitics. 610 $aSociology. 615 4$aGlobal Governance; Politische Steuerung; Gesellschaft; Globalisierung; Politik; Internationale Politik; Politische Soziologie; Politikwissenschaft; Soziologie; Einfu?hrung; Society; Globalization; Politics; International Relations; Political Sociology; Political Science; Sociology; Introduction; 676 $a327 686 $aMK 4050$2rvk 700 $aWillke$b Helmut$4aut$0229346 801 0$bDE-B1597 801 1$bDE-B1597 906 $aBOOK 912 $a996308810403316 996 $aGlobal Governance$92160645 997 $aUNISA